| 000 | 00413nam a2200157Ia 4500 | ||
|---|---|---|---|
| 008 | 230917s9999||||xx |||||||||||||| ||und|| | ||
| 040 |
_e112821 _aMAIN |
||
| 041 | _aEnglish | ||
| 082 | _a510.2462 R453M | ||
| 100 | _aRiley, K F | ||
| 245 | 0 | _aMathematical methods for Physics and Engineering | |
| 250 | _a2nd ed. | ||
| 260 |
_aCambridge _bCambridge University Press _c2005 |
||
| 300 | _a1232 p. | ||
| 942 | _cBK | ||
| 999 |
_c136263 _d136263 |
||